Kadra Finlandii Na Euro 2020 - Statystyki

Ogólne statystyki
  • Ten quiz został rozwiązany 24 razy
  • Średni wynik to 7 z 26
Statystyki odpowiedzi
Hint Odpowiedź % Poprawnych
Bramkarz Hradecky
100%
Napastnik Pukki
96%
Napastnik Pohjanpalo
78%
Pomocnik Kamara
70%
Pomocnik Lod
57%
Obrońca Arajuuri
48%
Obrońca Uronen
39%
Pomocnik Sparv
30%
Obrońca O Shaugnessy
26%
Obrońca Toivio
17%
Napastnik Forss
13%
Obrońca Ivanov
13%
Pomocnik Jensen
13%
Obrońca Raitala
13%
Pomocnik Schuller
13%
Napastnik Lappalainen
9%
Pomocnik Taylor
9%
Pomocnik Alho
4%
Bramkarz Jaakkola
4%
Bramkarz Joronen
4%
Pomocnik Kauko
4%
Obrońca Lam
4%
Pomocnik Soiri
4%
Obrońca Vaisanen
0%
Obrońca Vaisanen
0%
Pomocnik Valakari
0%
Nie znaleziono quizów pasujących do podanych kryteriów
Rozkład punktacji
Procent ludzi z każdym wynikiem
Percentyl według liczby udzielonych odpowiedzi
Twoja historia wyników
Nie rozwiązałeś tego quizu